00145nam a2200061Ia 4500008004100000100001500041245002700056120527s9999 xx 000 0 und d aBigner, J. aA Life- span apparoach